Statistics for Guess the 1970s song lyrics #287

Click here to take the quiz!

General Stats

  • This quiz has been taken 14 times
  • The average score is 82 of 138

Answer Stats

Answer% Correct
a
100%
I
100%
And
93%
You
93%
you
93%
if
86%
in
86%
the
86%
to
86%
To
86%
love
79%
So
71%
so
71%
we
71%
are
64%
do
64%
heart
64%
It's
64%
take
64%
too
64%
get
57%
My
57%
my
57%
not
57%
see
57%
there
57%
don't
50%
know
50%
Or
50%
gonna
43%
Gotta
43%
hope
43%
need
43%
night
43%
out
43%
us
43%
way
43%
won't
43%
eye
36%
far
36%
lotta
36%
make
36%
things
36%
through
36%
up
36%
waiting
36%
change
29%
look
29%
needs
29%
relating
29%
right
29%
soon
29%
work
29%
show
21%
solitude
21%
ways
21%
direction
14%
protection
14%

Score Distribution

Percentile by Number Answered

Percent of People with Each Score

Your Score History

You have not taken this quiz